[Event "FICGS W-ch st1 g03 email"]
[Site "FICGS email"]
[Date "2015.07.02"]
[Round "1"]
[White "Galus, Stanislaw"]
[Black "Austin, Nathan"]
[Result "1-0"]
[WhiteElo "1870"]
[BlackElo "2000"]
[PlyCount "55"]
[EventDate "2015.??.??"]
[EventType "tourn (corr)"]
[EventRounds "8"]
[SourceTitle "Corr 2022"]
[Source "ChessBase"]
[SourceDate "2021.10.24"]
[SourceVersion "1"]
[SourceVersionDate "2021.10.24"]
[SourceQuality "1"]

1. d4 Nf6 2. c4 g6 3. Nc3 Bg7 4. e4 d6 5. Nf3 0-0 6. Be2 e5 7. 0-0 Na6 8. Be3 Ng4 9. Bg5 Qe8 10. dxe5 dxe5 11. h3 h6 12. Bd2 Nf6 13. Be3 Qe7 14. Nd5 Qd8 15. Nxf6+ Qxf6 16. c5 Nb8 17. Qa4 Nc6 18. Rfd1 Be6 19. Rd2 a6 20. Rad1 Rad8 21. a3 Rxd2 22. Rxd2 Rd8 23. Bxa6 Ra8 24. Qb5 bxa6 25. Qxc6 Ra7 26. Qe8+ Bf8 27. Rd8 Qg7 28. Nxe5 1-0

[Event "OP-2014-0-03426"]
[Site "LSS email"]
[Date "2014.06.28"]
[Round "?"]
[White "Austin, Nathan"]
[Black "Stergiou, Georgios"]
[Result "1-0"]
[WhiteElo "800"]
[BlackElo "1903"]
[PlyCount "103"]
[EventDate "2014.06.19"]
[EventType "tourn (corr)"]
[EventRounds "4"]
[EventCountry "GER"]
[SourceTitle "Corr 2015"]
[Source "ChessBase"]
[SourceDate "2015.07.17"]
[SourceVersion "1"]
[SourceVersionDate "2015.07.17"]
[SourceQuality "1"]

1. e4 d6 2. d4 g6 3. Nc3 c6 4. Be3 Bg7 5. Qd2 b5 6. Bd3 Nf6 7. Nf3 0-0 8. 0-0 Qc7 9. e5 dxe5 10. Nxe5 Nbd7 11. Bf4 Nxe5 12. Bxe5 Qb6 13. Rfe1 Rd8 14. a4 b4 15. Ne4 Nxe4 16. Rxe4 Bxe5 17. dxe5 Rd4 18. a5 Qd8 19. Qf4 c5 20. Rxd4 cxd4 21. h4 Be6 22. h5 Rc8 23. Ra4 Rb8 24. Qh4 Bd7 25. Ra1 Be6 26. hxg6 hxg6 27. f4 Kg7 28. Kf2 Qh8 29. Qxe7 b3 30. Bxg6 bxc2 31. Rc1 Kg8 32. Be4 Qh6 33. Qf6 Qxf6 34. exf6 Rxb2 35. Rxc2 Rb5 36. Rd2 Rxa5 37. Rxd4 Bf5 38. Bf3 Ra2+ 39. Ke1 Ra1+ 40. Kd2 Ra2+ 41. Kc1 Ra1+ 42. Kb2 Rb1+ 43. Kc3 Rc1+ 44. Kd2 Rc2+ 45. Kd1 Rc7 46. Rd5 Bd7 47. Ke1 Kf8 48. g4 a6 49. g5 Rc1+ 50. Kd2 Rc7 51. Rd6 a5 52. f5 1-0

[Event "OP-2014-0-03426"]
[Site "LSS email"]
[Date "2014.06.28"]
[Round "?"]
[White "Miquel Badenes, Jose"]
[Black "Austin, Nathan"]
[Result "0-1"]
[WhiteElo "1053"]
[BlackElo "800"]
[PlyCount "70"]
[EventDate "2014.06.19"]
[EventType "tourn (corr)"]
[EventRounds "4"]
[EventCountry "GER"]
[SourceTitle "Corr 2015"]
[Source "ChessBase"]
[SourceDate "2015.07.17"]
[SourceVersion "1"]
[SourceVersionDate "2015.07.17"]
[SourceQuality "1"]

1. d4 Nf6 2. Nf3 g6 3. c3 Bg7 4. Bg5 0-0 5. e3 d6 6. Bd3 h6 7. Bh4 Be6 8. 0-0 c5 9. Nbd2 Nc6 10. Re1 Qb6 11. Rb1 Bxa2 12. Ra1 Be6 13. Qc2 Nh5 14. Nf1 Bb3 15. Qd2 a5 16. Be4 a4 17. Bxc6 Qxc6 18. Bxe7 Rfe8 19. Bh4 Bd5 20. Qd1 b5 21. N1d2 b4 22. c4 Bxf3 23. Nxf3 cxd4 24. Nxd4 Bxd4 25. exd4 Rxe1+ 26. Qxe1 Nf4 27. f3 Qxc4 28. Qe4 Nd5 29. Re1 a3 30. bxa3 bxa3 31. Ra1 a2 32. Bf6 Qc3 33. Qxd5 Qxa1+ 34. Kf2 Qb2+ 35. Kg3 a1Q 0-1